[Event "Russian Blitz Championship (m)"]
[Site "Sochi"]
[Date "2022.10.14"]
[Round "5.2"]
[White "Pridorozhni, Aleksei"]
[Black "Triapishko, Alexandr"]
[Result "1-0"]
[BlackElo "2479"]
[WhiteElo "2581"]
[LiveChessVersion "1.4.8"]

1. e4 {[%clk 0:03:03]} e5 {[%clk 0:03:02]} 2. Nf3 {[%clk 0:03:03]} Nc6
{[%clk 0:03:03]} 3. Bb5 {[%clk 0:03:04]} a6 {[%clk 0:03:03]} 4. Ba4
{[%clk 0:03:05]} d6 {[%clk 0:03:04]} 5. c3 {[%clk 0:03:03]} Nf6 {[%clk 0:03:03]}
6. d4 {[%clk 0:03:03]} Bd7 {[%clk 0:03:03]} 7. d5 {[%clk 0:03:02]} Ne7
{[%clk 0:02:50]} 8. Bxd7+ {[%clk 0:03:01]} Qxd7 {[%clk 0:02:51]} 9. Nfd2
{[%clk 0:03:00]} g6 {[%clk 0:01:56]} 10. c4 {[%clk 0:02:59]} Bg7 {[%clk 0:01:51]}
11. Nc3 {[%clk 0:02:59]} O-O {[%clk 0:01:51]} 12. Nf1 {[%clk 0:02:44]} b5
{[%clk 0:01:40]} 13. cxb5 {[%clk 0:02:04]} axb5 {[%clk 0:01:41]} 14. Ng3
{[%clk 0:02:05]} b4 {[%clk 0:01:32]} 15. Nce2 {[%clk 0:02:05]} c6
{[%clk 0:01:31]} 16. dxc6 {[%clk 0:02:01]} Qxc6 {[%clk 0:01:31]} 17. O-O
{[%clk 0:01:57]} Nxe4 {[%clk 0:01:06]} 18. Nxe4 {[%clk 0:01:57]} Qxe4
{[%clk 0:01:07]} 19. Qxd6 {[%clk 0:01:58]} Nf5 {[%clk 0:01:01]} 20. Qd1
{[%clk 0:01:58]} Rfd8 {[%clk 0:00:44]} 21. Qe1 {[%clk 0:01:59]} Qc4
{[%clk 0:00:31]} 22. a4 {[%clk 0:01:51]} b3 {[%clk 0:00:19]} 23. a5
{[%clk 0:01:41]} e4 {[%clk 0:00:20]} 24. Ng3 {[%clk 0:01:41]} Nd4
{[%clk 0:00:14]} 25. Qxe4 {[%clk 0:01:34]} Re8 {[%clk 0:00:15]} 26. Qb7
{[%clk 0:01:12]} Nc2 {[%clk 0:00:12]} 27. Rb1 {[%clk 0:01:07]} Rxa5
{[%clk 0:00:11]} 28. Bd2 {[%clk 0:01:05]} Ra2 {[%clk 0:00:07]} 29. Bc3
{[%clk 0:01:02]} Bxc3 {[%clk 0:00:05]} 30. bxc3 {[%clk 0:01:03]} Qxc3
{[%clk 0:00:04]} 31. Rxb3 {[%clk 0:00:59]} Qe5 {[%clk 0:00:04]} 32. Rf3
{[%clk 0:00:46]} Re7 {[%clk 0:00:04]} 33. Qc8+ {[%clk 0:00:27]} Re8
{[%clk 0:00:05]} 34. Qc4 {[%clk 0:00:23]} Qe6 {[%clk 0:00:06]} 35. Qc3
{[%clk 0:00:24]} Rc8 {[%clk 0:00:04]} 36. Qd2 {[%clk 0:00:17]} Ra3
{[%clk 0:00:04]} 37. Rxa3 {[%clk 0:00:15]} Nxa3 {[%clk 0:00:05]} 38. Re1
{[%clk 0:00:15]} Nc4 {[%clk 0:00:04]} 39. Qc3 {[%clk 0:00:14]} Qc6
{[%clk 0:00:03]} 40. Ne4 {[%clk 0:00:12]} h5 {[%clk 0:00:03]} 41. Nf6+
{[%clk 0:00:11]} Kf8 {[%clk 0:00:04]} 42. Nxh5 {[%clk 0:00:11]} Kg8
{[%clk 0:00:04]} 43. Qg7# 1-0

[Event "Russian Blitz Championship (m)"]
[Site "Sochi"]
[Date "2022.10.14"]
[Round "5.3"]
[White "Sjugirov, Sanan"]
[Black "Demidov, Mikhail"]
[Result "1-0"]
[BlackElo "2520"]
[WhiteElo "2609"]
[LiveChessVersion "1.4.8"]

1. d4 {[%clk 0:03:02]} e6 {[%clk 0:02:59]} 2. c4 {[%clk 0:03:01]} Bb4+
{[%clk 0:03:00]} 3. Bd2 {[%clk 0:02:59]} Bxd2+ {[%clk 0:02:58]} 4. Qxd2
{[%clk 0:03:00]} Nf6 {[%clk 0:02:57]} 5. Nf3 {[%clk 0:02:59]} b6 {[%clk 0:02:52]}
6. g3 {[%clk 0:02:58]} Bb7 {[%clk 0:02:53]} 7. Bg2 {[%clk 0:02:58]} O-O
{[%clk 0:02:53]} 8. O-O {[%clk 0:02:42]} d6 {[%clk 0:02:54]} 9. Qd3
{[%clk 0:02:18]} Be4 {[%clk 0:02:38]} 10. Qe3 {[%clk 0:02:19]} Nbd7
{[%clk 0:02:36]} 11. Nc3 {[%clk 0:02:19]} Bb7 {[%clk 0:02:37]} 12. Qd3
{[%clk 0:02:18]} Re8 {[%clk 0:01:40]} 13. e4 {[%clk 0:02:17]} e5 {[%clk 0:01:39]}
14. Rfe1 {[%clk 0:02:09]} exd4 {[%clk 0:01:38]} 15. Nxd4 {[%clk 0:02:07]} Qc8
{[%clk 0:01:29]} 16. Qc2 {[%clk 0:02:03]} a6 {[%clk 0:01:23]} 17. Rad1
{[%clk 0:02:00]} Ne5 {[%clk 0:01:04]} 18. Nd5 {[%clk 0:01:51]} Qd8
{[%clk 0:00:48]} 19. h3 {[%clk 0:01:48]} Rc8 {[%clk 0:00:41]} 20. f4
{[%clk 0:01:44]} Ned7 {[%clk 0:00:27]} 21. Kh2 {[%clk 0:01:42]} Nc5
{[%clk 0:00:16]} 22. b4 {[%clk 0:01:39]} Ncd7 {[%clk 0:00:09]} 23. Nf5
{[%clk 0:01:39]} Nf8 {[%clk 0:00:06]} 24. Qc3 {[%clk 0:01:39]} Bxd5
{[%clk 0:00:06]} 25. cxd5 {[%clk 0:01:36]} Qd7 {[%clk 0:00:08]} 26. g4
{[%clk 0:01:29]} Ng6 {[%clk 0:00:07]} 27. Rf1 {[%clk 0:01:09]} Rf8
{[%clk 0:00:06]} 28. Rc1 {[%clk 0:01:05]} Ne7 {[%clk 0:00:05]} 29. Nxg7
{[%clk 0:00:56]} Kxg7 {[%clk 0:00:04]} 30. g5 {[%clk 0:00:57]} Neg8
{[%clk 0:00:04]} 31. gxf6+ {[%clk 0:00:58]} Kh8 {[%clk 0:00:05]} 32. e5
{[%clk 0:00:53]} Qf5 {[%clk 0:00:06]} 33. Qg3 {[%clk 0:00:49]} Qg6
{[%clk 0:00:06]} 34. Qxg6 {[%clk 0:00:42]} hxg6 {[%clk 0:00:06]} 35. Rc3
{[%clk 0:00:39]} Rfe8 {[%clk 0:00:07]} 36. Rfc1 {[%clk 0:00:17]} dxe5
{[%clk 0:00:08]} 37. d6 {[%clk 0:00:17]} Nxf6 {[%clk 0:00:09]} 38. Rxc7
{[%clk 0:00:14]} Rcd8 {[%clk 0:00:08]} 39. Rxf7 {[%clk 0:00:14]} Rxd6
{[%clk 0:00:05]} 40. fxe5 {[%clk 0:00:15]} Rxe5 {[%clk 0:00:07]} 41. Rc8+
{[%clk 0:00:16]} Ng8 {[%clk 0:00:07]} 42. Rff8 {[%clk 0:00:16]} Kg7
{[%clk 0:00:07]} 43. Rxg8+ {[%clk 0:00:17]} Kh6 {[%clk 0:00:08]} 44. Rc2
{[%clk 0:00:09]} Rd4 {[%clk 0:00:09]} 45. a3 {[%clk 0:00:09]} Re3
{[%clk 0:00:10]} 46. Rc6 {[%clk 0:00:08]} Rxa3 {[%clk 0:00:09]} 47. Rgxg6+
{[%clk 0:00:07]} Kh7 {[%clk 0:00:08]} 48. Rxb6 {[%clk 0:00:05]} Rxb4
{[%clk 0:00:05]} 49. Rh6+ {[%clk 0:00:05]} Kg7 {[%clk 0:00:07]} 50. Rbg6+
{[%clk 0:00:06]} Kf7 {[%clk 0:00:08]} 51. Rxa6 {[%clk 0:00:07]} Rxa6
{[%clk 0:00:06]} 52. Rxa6 {[%clk 0:00:08]} Kg7 {[%clk 0:00:07]} 53. Kg3
{[%clk 0:00:09]} Rb3+ {[%clk 0:00:08]} 54. Bf3 {[%clk 0:00:10]} Rb4
{[%clk 0:00:09]} 55. h4 {[%clk 0:00:10]} Rc4 {[%clk 0:00:09]} 56. Re6
{[%clk 0:00:11]} Rb4 {[%clk 0:00:10]} 57. Be4 {[%clk 0:00:06]} Kf7
{[%clk 0:00:11]} 58. Bd5 {[%clk 0:00:05]} Rd4 {[%clk 0:00:08]} 59. Re5+
{[%clk 0:00:05]} Kf6 {[%clk 0:00:08]} 60. Rg5 {[%clk 0:00:06]} Rd3+
{[%clk 0:00:06]} 61. Bf3 {[%clk 0:00:06]} Rd4 {[%clk 0:00:06]} 62. Rb5
{[%clk 0:00:06]} Kg7 {[%clk 0:00:07]} 63. Rb6 {[%clk 0:00:05]} Rc4
{[%clk 0:00:06]} 64. Bg4 {[%clk 0:00:06]} Rd4 {[%clk 0:00:06]} 65. h5
{[%clk 0:00:07]} Rc4 {[%clk 0:00:04]} 66. h6+ {[%clk 0:00:08]} Kh8
{[%clk 0:00:04]} 67. Bf5 {[%clk 0:00:08]} Rc3+ {[%clk 0:00:05]} 68. Kg4
{[%clk 0:00:09]} Rc4+ {[%clk 0:00:06]} 69. Kg5 {[%clk 0:00:10]} 1-0

[Event "Russian Blitz Championship (m)"]
[Site "Sochi"]
[Date "2022.10.14"]
[Round "5.4"]
[White "Moiseenko, Vadim"]
[Black "Timofeev, Artyom"]
[Result "1/2-1/2"]
[BlackElo "2579"]
[WhiteElo "2492"]
[LiveChessVersion "1.4.8"]

1. e4 {[%clk 0:03:03]} c5 {[%clk 0:03:03]} 2. c3 {[%clk 0:03:04]} Nf6
{[%clk 0:03:00]} 3. e5 {[%clk 0:03:05]} Nd5 {[%clk 0:03:01]} 4. Nf3
{[%clk 0:03:05]} Nc6 {[%clk 0:03:02]} 5. Bc4 {[%clk 0:03:06]} Nb6
{[%clk 0:03:01]} 6. Bb3 {[%clk 0:03:07]} d5 {[%clk 0:02:57]} 7. d4
{[%clk 0:03:00]} cxd4 {[%clk 0:02:53]} 8. cxd4 {[%clk 0:03:01]} Bg4
{[%clk 0:02:53]} 9. Be3 {[%clk 0:02:59]} e6 {[%clk 0:02:53]} 10. O-O
{[%clk 0:02:58]} Be7 {[%clk 0:02:54]} 11. h3 {[%clk 0:02:55]} Bh5
{[%clk 0:02:54]} 12. Nbd2 {[%clk 0:02:46]} O-O {[%clk 0:02:53]} 13. Rc1
{[%clk 0:02:34]} Rc8 {[%clk 0:02:53]} 14. Bc2 {[%clk 0:02:31]} Nb4
{[%clk 0:02:37]} 15. Bb1 {[%clk 0:02:26]} Rxc1 16. Qxc1 {[%clk 0:02:27]} Qd7
{[%clk 0:02:36]} 17. Qd1 {[%clk 0:01:34]} Qa4 {[%clk 0:02:08]} 18. a3
{[%clk 0:01:10]} Qxd1 {[%clk 0:02:02]} 19. Rxd1 {[%clk 0:01:11]} Nc6
{[%clk 0:02:02]} 20. Rc1 {[%clk 0:01:09]} Rc8 {[%clk 0:02:00]} 21. g4
{[%clk 0:01:06]} Bg6 {[%clk 0:02:00]} 22. Bxg6 {[%clk 0:01:07]} hxg6
{[%clk 0:01:46]} 23. Ne1 {[%clk 0:00:55]} f6 {[%clk 0:01:42]} 24. f4
{[%clk 0:00:46]} g5 {[%clk 0:01:36]} 25. Nef3 {[%clk 0:00:21]} gxf4
{[%clk 0:01:33]} 26. Bxf4 {[%clk 0:00:22]} fxe5 {[%clk 0:01:15]} 27. Bxe5
{[%clk 0:00:23]} g5 {[%clk 0:00:54]} 28. Kf2 {[%clk 0:00:20]} Kf7
{[%clk 0:00:54]} 29. Ke3 {[%clk 0:00:19]} Kg6 {[%clk 0:00:55]} 30. Rc3
{[%clk 0:00:13]} Nd7 {[%clk 0:00:51]} 31. Nb3 {[%clk 0:00:05]} Rf8
{[%clk 0:00:44]} 32. Nc5 {[%clk 0:00:04]} Bxc5 {[%clk 0:00:43]} 33. dxc5
{[%clk 0:00:05]} Ndxe5 {[%clk 0:00:43]} 34. Nxe5+ {[%clk 0:00:05]} Nxe5
{[%clk 0:00:44]} 35. Ke2 {[%clk 0:00:04]} Nc6 {[%clk 0:00:41]} 36. b4
{[%clk 0:00:06]} a6 {[%clk 0:00:43]} 37. Re3 {[%clk 0:00:05]} e5 {[%clk 0:00:43]}
38. Rd3 {[%clk 0:00:07]} d4 {[%clk 0:00:44]} 39. Rd1 {[%clk 0:00:08]} e4
{[%clk 0:00:44]} 40. Rb1 {[%clk 0:00:09]} Rh8 {[%clk 0:00:40]} 41. Rb3
{[%clk 0:00:08]} e3 {[%clk 0:00:33]} 42. b5 {[%clk 0:00:09]} axb5
{[%clk 0:00:34]} 43. Rxb5 {[%clk 0:00:11]} Rxh3 {[%clk 0:00:34]} 44. Rxb7
{[%clk 0:00:12]} Rh2+ {[%clk 0:00:35]} 45. Kd3 {[%clk 0:00:11]} Rd2+
{[%clk 0:00:35]} 46. Ke4 {[%clk 0:00:12]} e2 {[%clk 0:00:36]} 1/2-1/2

[Event "Russian Blitz Championship (m)"]
[Site "Sochi"]
[Date "2022.10.14"]
[Round "5.5"]
[White "Faizrakhmanov, Ramil"]
[Black "Afanasiev, Nikita"]
[Result "1/2-1/2"]
[BlackElo "2541"]
[WhiteElo "2421"]
[LiveChessVersion "1.4.8"]

1. d4 {[%clk 0:03:03]} g6 {[%clk 0:03:03]} 2. c4 {[%clk 0:03:04]} Bg7
{[%clk 0:03:04]} 3. e4 {[%clk 0:03:05]} e6 {[%clk 0:03:05]} 4. Nc3
{[%clk 0:03:05]} Ne7 {[%clk 0:03:06]} 5. Nf3 {[%clk 0:03:05]} d5 {[%clk 0:03:07]}
6. Bd3 {[%clk 0:03:00]} Nbc6 {[%clk 0:03:07]} 7. Be3 {[%clk 0:02:58]} O-O
{[%clk 0:03:07]} 8. O-O {[%clk 0:02:56]} b6 {[%clk 0:03:08]} 9. Qd2
{[%clk 0:02:47]} Nb4 {[%clk 0:02:52]} 10. Be2 {[%clk 0:02:41]} dxe4
{[%clk 0:02:53]} 11. Nxe4 {[%clk 0:02:41]} Bb7 {[%clk 0:02:54]} 12. Ng3
{[%clk 0:02:32]} c5 {[%clk 0:02:47]} 13. Rfd1 {[%clk 0:02:13]} Qc7
{[%clk 0:02:18]} 14. dxc5 {[%clk 0:01:56]} bxc5 {[%clk 0:02:13]} 15. Qd7
{[%clk 0:01:52]} Rfc8 {[%clk 0:02:01]} 16. Qxc7 {[%clk 0:01:41]} Rxc7
{[%clk 0:02:01]} 17. Rd2 {[%clk 0:01:39]} Bxf3 {[%clk 0:01:26]} 18. Bxf3
{[%clk 0:01:40]} Rb8 {[%clk 0:01:27]} 19. h4 {[%clk 0:01:28]} Nbc6
{[%clk 0:01:05]} 20. Bxc5 {[%clk 0:01:17]} Rxb2 {[%clk 0:01:06]} 21. Rxb2
{[%clk 0:01:14]} Bxb2 {[%clk 0:01:06]} 22. Rb1 {[%clk 0:01:15]} Be5
{[%clk 0:00:57]} 23. Bxc6 {[%clk 0:01:06]} Nxc6 {[%clk 0:00:58]} 24. Ne4
{[%clk 0:01:06]} h6 {[%clk 0:00:41]} 25. Bd6 {[%clk 0:01:04]} Bxd6
{[%clk 0:00:36]} 26. Nxd6 {[%clk 0:01:05]} Kf8 {[%clk 0:00:37]} 27. c5
{[%clk 0:00:59]} Ke7 {[%clk 0:00:32]} 28. a4 {[%clk 0:00:44]} f5 {[%clk 0:00:27]}
29. Nb5 {[%clk 0:00:36]} Rd7 {[%clk 0:00:26]} 30. Nd6 {[%clk 0:00:36]} Rc7
{[%clk 0:00:27]} 31. Nb5 {[%clk 0:00:35]} Rb7 {[%clk 0:00:28]} 32. Rd1
{[%clk 0:00:34]} a6 {[%clk 0:00:29]} 33. Nd6 {[%clk 0:00:34]} Rc7
{[%clk 0:00:25]} 34. Nc4 {[%clk 0:00:27]} Nb4 {[%clk 0:00:24]} 35. Ne5
{[%clk 0:00:24]} Kf6 {[%clk 0:00:17]} 36. Nd7+ {[%clk 0:00:23]} Ke7
{[%clk 0:00:17]} 37. Ne5 {[%clk 0:00:24]} Nd5 {[%clk 0:00:16]} 38. c6
{[%clk 0:00:13]} g5 {[%clk 0:00:13]} 39. hxg5 {[%clk 0:00:13]} hxg5
{[%clk 0:00:14]} 40. Re1 {[%clk 0:00:08]} Kd6 {[%clk 0:00:12]} 41. g3
{[%clk 0:00:08]} g4 {[%clk 0:00:13]} 42. Nc4+ {[%clk 0:00:06]} Kc5
{[%clk 0:00:12]} 43. Ne5 {[%clk 0:00:07]} Kd4 {[%clk 0:00:12]} 44. Kg2
{[%clk 0:00:05]} Nc3 {[%clk 0:00:13]} 45. Nf7 {[%clk 0:00:04]} Ne4
{[%clk 0:00:08]} 46. Nd8 {[%clk 0:00:03]} Ke5 {[%clk 0:00:06]} 47. Rd1
{[%clk 0:00:04]} Rc8 {[%clk 0:00:05]} 48. Rd7 {[%clk 0:00:04]} Nc5
{[%clk 0:00:06]} 49. Rd1 {[%clk 0:00:04]} Nxa4 {[%clk 0:00:06]} 50. Re1+
{[%clk 0:00:05]} Kd5 {[%clk 0:00:08]} 51. Nxe6 {[%clk 0:00:06]} Rxc6 52. Nf4+
{[%clk 0:00:07]} Kd4 {[%clk 0:00:09]} 53. Ne6+ {[%clk 0:00:07]} Kd3
{[%clk 0:00:08]} 54. Ng7 {[%clk 0:00:08]} Rc5 {[%clk 0:00:07]} 55. Ra1
{[%clk 0:00:10]} Nc3 {[%clk 0:00:04]} 56. Rxa6 {[%clk 0:00:11]} Ne4
{[%clk 0:00:05]} 57. Ra3+ {[%clk 0:00:12]} Kc4 {[%clk 0:00:05]} 58. Ra1
{[%clk 0:00:09]} Kb3 {[%clk 0:00:05]} 59. Ra7 {[%clk 0:00:07]} Rc2
{[%clk 0:00:06]} 60. Kg1 {[%clk 0:00:05]} Rxf2 {[%clk 0:00:07]} 61. Rf7
{[%clk 0:00:06]} Rf3 {[%clk 0:00:06]} 62. Nxf5 {[%clk 0:00:07]} Kb4
{[%clk 0:00:06]} 63. Rb7+ {[%clk 0:00:08]} Kc5 {[%clk 0:00:07]} 64. Nh6
{[%clk 0:00:05]} Rxg3+ {[%clk 0:00:07]} 65. Kf1 {[%clk 0:00:06]} Kd5
{[%clk 0:00:06]} 66. Rg7 {[%clk 0:00:07]} Nf6 {[%clk 0:00:06]} 67. Kf2
{[%clk 0:00:07]} Rf3+ {[%clk 0:00:07]} 68. Kg2 {[%clk 0:00:08]} Rf4
{[%clk 0:00:08]} 69. Rg5+ {[%clk 0:00:08]} Ke4 {[%clk 0:00:08]} 70. Rg6
{[%clk 0:00:09]} Ke3 {[%clk 0:00:07]} 71. Rxf6 Rxf6 {[%clk 0:00:08]} 72. Nxg4+
{[%clk 0:00:10]} Kf4 {[%clk 0:00:09]} 73. Nxf6 {[%clk 0:00:11]} Ke5 1/2-1/2

[Event "Russian Blitz Championship (m)"]
[Site "Sochi"]
[Date "2022.10.14"]
[Round "5.6"]
[White "Chigaev, Maksim"]
[Black "Shomoev, Anton"]
[Result "1-0"]
[BlackElo "2499"]
[WhiteElo "2537"]
[LiveChessVersion "1.4.8"]

1. e4 {[%clk 0:03:02]} c5 {[%clk 0:03:03]} 2. c3 {[%clk 0:03:03]} d5
{[%clk 0:03:04]} 3. exd5 {[%clk 0:03:04]} Qxd5 {[%clk 0:03:05]} 4. d4
{[%clk 0:03:05]} Nf6 {[%clk 0:03:06]} 5. Nf3 {[%clk 0:03:06]} Bg4
{[%clk 0:03:07]} 6. Be2 {[%clk 0:02:52]} e6 {[%clk 0:03:08]} 7. O-O
{[%clk 0:02:49]} Nc6 {[%clk 0:03:09]} 8. Be3 {[%clk 0:02:41]} cxd4
{[%clk 0:03:10]} 9. Nxd4 {[%clk 0:02:41]} Bxe2 {[%clk 0:03:10]} 10. Qxe2
{[%clk 0:02:42]} Be7 {[%clk 0:03:11]} 11. Rd1 {[%clk 0:02:17]} O-O
{[%clk 0:03:11]} 12. Nd2 {[%clk 0:02:16]} Rfd8 {[%clk 0:03:03]} 13. h3
{[%clk 0:02:16]} h6 {[%clk 0:02:38]} 14. N2f3 {[%clk 0:01:54]} Nxd4
{[%clk 0:02:38]} 15. Bxd4 {[%clk 0:01:53]} Qe4 {[%clk 0:02:38]} 16. Qxe4
{[%clk 0:01:32]} Nxe4 {[%clk 0:02:39]} 17. Kf1 {[%clk 0:01:33]} f6
{[%clk 0:02:22]} 18. Ke2 {[%clk 0:01:18]} e5 {[%clk 0:02:20]} 19. Be3
{[%clk 0:01:18]} Bc5 {[%clk 0:02:20]} 20. Nd2 {[%clk 0:01:11]} Nxd2
{[%clk 0:01:38]} 21. Bxc5 {[%clk 0:01:11]} Nc4 {[%clk 0:01:38]} 22. b3
{[%clk 0:01:06]} Nb6 {[%clk 0:01:38]} 23. c4 {[%clk 0:01:00]} Kf7
{[%clk 0:01:35]} 24. g4 {[%clk 0:00:53]} Ke6 {[%clk 0:01:35]} 25. a4
{[%clk 0:00:54]} Rac8 {[%clk 0:01:28]} 26. Be3 {[%clk 0:00:52]} Rxd1
{[%clk 0:01:09]} 27. Rxd1 {[%clk 0:00:53]} Nd7 {[%clk 0:01:03]} 28. Rd5
{[%clk 0:00:40]} a6 {[%clk 0:00:57]} 29. h4 {[%clk 0:00:27]} Rc6 {[%clk 0:00:43]}
30. Kd3 {[%clk 0:00:14]} Rc8 {[%clk 0:00:19]} 31. h5 {[%clk 0:00:14]} Rg8
{[%clk 0:00:15]} 32. Ke4 {[%clk 0:00:12]} g6 {[%clk 0:00:16]} 33. hxg6
{[%clk 0:00:13]} Rxg6 {[%clk 0:00:17]} 34. f3 {[%clk 0:00:13]} h5
{[%clk 0:00:16]} 35. gxh5 {[%clk 0:00:12]} Rg3 {[%clk 0:00:11]} 36. Bf2
{[%clk 0:00:07]} Rh3 {[%clk 0:00:11]} 37. Rd1 {[%clk 0:00:06]} Rxh5
{[%clk 0:00:11]} 38. c5 {[%clk 0:00:08]} Rh2 {[%clk 0:00:08]} 39. Rd6+
{[%clk 0:00:07]} Ke7 {[%clk 0:00:09]} 40. Be3 {[%clk 0:00:07]} Re2
{[%clk 0:00:10]} 41. Kd3 {[%clk 0:00:06]} Re1 {[%clk 0:00:10]} 42. b4
{[%clk 0:00:06]} Rb1 {[%clk 0:00:11]} 43. Bd2 {[%clk 0:00:05]} a5
{[%clk 0:00:11]} 44. Kc2 {[%clk 0:00:05]} Ra1 {[%clk 0:00:11]} 45. bxa5
{[%clk 0:00:05]} Nxc5 {[%clk 0:00:11]} 46. Rb6 {[%clk 0:00:06]} Rxa4
{[%clk 0:00:11]} 47. Bb4 {[%clk 0:00:07]} Rxb4 {[%clk 0:00:07]} 48. Rxb4
{[%clk 0:00:08]} Kd6 {[%clk 0:00:08]} 49. Rb6+ {[%clk 0:00:06]} Kd5
{[%clk 0:00:08]} 50. Rxf6 {[%clk 0:00:07]} e4 {[%clk 0:00:09]} 51. Rf5+
{[%clk 0:00:05]} Kd4 {[%clk 0:00:10]} 52. fxe4 {[%clk 0:00:05]} Nxe4
{[%clk 0:00:10]} 53. Kb3 {[%clk 0:00:06]} Nd6 {[%clk 0:00:07]} 54. Rh5
{[%clk 0:00:06]} Ke4 {[%clk 0:00:06]} 55. Kb4 {[%clk 0:00:07]} Kd4
{[%clk 0:00:08]} 56. Rg5 {[%clk 0:00:07]} Ne4 {[%clk 0:00:08]} 57. Rg7
{[%clk 0:00:07]} Kd5 {[%clk 0:00:08]} 58. Rxb7 {[%clk 0:00:07]} Nd6
{[%clk 0:00:08]} 59. Rb6 {[%clk 0:00:07]} Nc8 {[%clk 0:00:07]} 60. Rh6
{[%clk 0:00:08]} Ne7 {[%clk 0:00:08]} 61. Kb5 {[%clk 0:00:08]} 1-0

[Event "Russian Blitz Championship (m)"]
[Site "Sochi"]
[Date "2022.10.14"]
[Round "5.7"]
[White "Shubin, Kirill"]
[Black "Savchenko, Boris"]
[Result "0-1"]
[BlackElo "2530"]
[WhiteElo "2416"]
[LiveChessVersion "1.4.8"]

1. e4 {[%clk 0:03:04]} c5 {[%clk 0:03:02]} 2. Nf3 {[%clk 0:03:04]} d6
{[%clk 0:03:03]} 3. Bb5+ {[%clk 0:03:05]} Nd7 {[%clk 0:03:04]} 4. Ba4
{[%clk 0:03:06]} Ngf6 {[%clk 0:03:04]} 5. O-O {[%clk 0:03:06]} e6
{[%clk 0:03:05]} 6. d3 {[%clk 0:03:08]} Be7 {[%clk 0:03:06]} 7. c4
{[%clk 0:03:09]} O-O {[%clk 0:03:06]} 8. Nc3 {[%clk 0:03:09]} a6 {[%clk 0:03:04]}
9. h3 {[%clk 0:03:09]} Ne5 {[%clk 0:03:05]} 10. Ne1 {[%clk 0:03:11]} Bd7
{[%clk 0:03:05]} 11. Bxd7 {[%clk 0:03:01]} Nfxd7 {[%clk 0:03:04]} 12. f4
{[%clk 0:03:01]} Nc6 {[%clk 0:03:04]} 13. Nf3 {[%clk 0:02:53]} Bf6
{[%clk 0:03:03]} 14. a4 {[%clk 0:02:50]} Nd4 {[%clk 0:03:01]} 15. g4
{[%clk 0:02:46]} Nxf3+ {[%clk 0:03:00]} 16. Qxf3 {[%clk 0:02:46]} Nb8
{[%clk 0:03:00]} 17. g5 {[%clk 0:02:42]} Bd4+ {[%clk 0:03:01]} 18. Be3
{[%clk 0:02:28]} Nc6 {[%clk 0:03:01]} 19. Bxd4 {[%clk 0:02:28]} Nxd4
{[%clk 0:03:01]} 20. Qg2 {[%clk 0:02:26]} Rb8 {[%clk 0:02:58]} 21. f5
{[%clk 0:02:20]} b5 {[%clk 0:02:40]} 22. axb5 {[%clk 0:02:19]} axb5
{[%clk 0:02:40]} 23. fxe6 {[%clk 0:01:38]} fxe6 {[%clk 0:02:31]} 24. Rxf8+
{[%clk 0:01:33]} Qxf8 {[%clk 0:02:31]} 25. Rf1 {[%clk 0:01:33]} Qe7
{[%clk 0:02:29]} 26. e5 {[%clk 0:01:29]} bxc4 {[%clk 0:02:22]} 27. exd6
{[%clk 0:01:24]} Qxd6 {[%clk 0:02:23]} 28. Ne4 {[%clk 0:01:17]} Qe5
{[%clk 0:02:14]} 29. Nf6+ {[%clk 0:00:59]} Kh8 {[%clk 0:02:15]} 30. Nd7
{[%clk 0:01:00]} Qe3+ {[%clk 0:02:16]} 31. Qf2 {[%clk 0:01:02]} Qxg5+
{[%clk 0:02:14]} 32. Kh1 {[%clk 0:00:59]} Qd5+ {[%clk 0:02:07]} 33. Kg1
{[%clk 0:00:47]} Rg8 {[%clk 0:02:06]} 34. Qf7 {[%clk 0:00:45]} Qd6
{[%clk 0:01:55]} 35. dxc4 {[%clk 0:00:34]} Qg3+ {[%clk 0:01:55]} 36. Kh1
{[%clk 0:00:34]} Qxh3+ {[%clk 0:01:55]} 37. Kg1 {[%clk 0:00:36]} Qg4+
{[%clk 0:01:50]} 38. Kh1 {[%clk 0:00:31]} Nf5 {[%clk 0:01:49]} 39. Ra1
{[%clk 0:00:24]} Qe4+ {[%clk 0:01:36]} 40. Kg1 {[%clk 0:00:23]} Qd4+
{[%clk 0:01:36]} 41. Kg2 {[%clk 0:00:18]} Qd2+ {[%clk 0:01:35]} 42. Kg1
{[%clk 0:00:16]} Qd4+ {[%clk 0:01:35]} 43. Kg2 {[%clk 0:00:17]} Qxb2+
{[%clk 0:01:36]} 0-1

[Event "Russian Blitz Championship (m)"]
[Site "Sochi"]
[Date "2022.10.14"]
[Round "5.8"]
[White "Petrov, Nikita"]
[Black "Smirnov, Pavel"]
[Result "0-1"]
[BlackElo "2467"]
[WhiteElo "2528"]
[LiveChessVersion "1.4.8"]

1. d4 {[%clk 0:03:03]} d5 {[%clk 0:03:01]} 2. Nf3 {[%clk 0:03:03]} Nf6
{[%clk 0:03:02]} 3. Bf4 {[%clk 0:03:04]} Bf5 {[%clk 0:03:03]} 4. c4
{[%clk 0:03:04]} e6 {[%clk 0:02:54]} 5. Qb3 {[%clk 0:03:03]} Nc6 {[%clk 0:02:50]}
6. Nc3 {[%clk 0:02:57]} Bb4 {[%clk 0:02:43]} 7. e3 {[%clk 0:02:53]} O-O
{[%clk 0:02:41]} 8. Be2 {[%clk 0:02:53]} dxc4 {[%clk 0:02:31]} 9. Bxc4
{[%clk 0:02:23]} Nd5 {[%clk 0:02:31]} 10. Bxd5 {[%clk 0:02:08]} Qxd5 11. Bxc7
{[%clk 0:01:25]} Rac8 {[%clk 0:02:05]} 12. Bg3 {[%clk 0:01:25]} Qb5
{[%clk 0:01:53]} 13. Bd6 {[%clk 0:00:56]} Rfd8 {[%clk 0:00:08]} 14. Bxb4
{[%clk 0:00:56]} Qxb4 {[%clk 0:00:09]} 15. O-O {[%clk 0:00:53]} Qxb3 16. axb3
{[%clk 0:00:54]} a6 {[%clk 0:00:07]} 17. Rfc1 {[%clk 0:00:49]} Nb4
{[%clk 0:00:08]} 18. Ne1 {[%clk 0:00:48]} b5 {[%clk 0:00:04]} 19. Kf1
{[%clk 0:00:40]} Kf8 {[%clk 0:00:05]} 20. Ke2 {[%clk 0:00:40]} Ke7
{[%clk 0:00:06]} 21. f3 {[%clk 0:00:39]} g5 {[%clk 0:00:07]} 22. Na2
{[%clk 0:00:13]} Rxc1 {[%clk 0:00:04]} 23. Nxc1 {[%clk 0:00:14]} Rc8
{[%clk 0:00:06]} 24. Kd2 {[%clk 0:00:15]} Nc2 {[%clk 0:00:06]} 25. Nxc2
{[%clk 0:00:07]} Rxc2+ {[%clk 0:00:07]} 26. Kd1 {[%clk 0:00:09]} Rxg2
{[%clk 0:00:08]} 27. e4 {[%clk 0:00:09]} Bg6 {[%clk 0:00:09]} 28. Rxa6
{[%clk 0:00:10]} Rxh2 {[%clk 0:00:09]} 29. Nd3 {[%clk 0:00:12]} Bh5
{[%clk 0:00:09]} 30. Ne5 {[%clk 0:00:06]} f6 {[%clk 0:00:09]} 31. Ra7+
{[%clk 0:00:07]} Kf8 {[%clk 0:00:07]} 32. Ng4 {[%clk 0:00:06]} Bxg4
{[%clk 0:00:04]} 33. fxg4 {[%clk 0:00:07]} Rxb2 {[%clk 0:00:05]} 34. Rxh7
{[%clk 0:00:05]} Rxb3 35. Ke2 {[%clk 0:00:06]} Rg3 {[%clk 0:00:07]} 36. Rb7
{[%clk 0:00:07]} Rxg4 {[%clk 0:00:08]} 37. Kf3 {[%clk 0:00:08]} Rf4+
{[%clk 0:00:07]} 38. Ke3 {[%clk 0:00:10]} f5 {[%clk 0:00:07]} 39. exf5
{[%clk 0:00:10]} Rxf5 {[%clk 0:00:09]} 40. Ke4 {[%clk 0:00:10]} g4
{[%clk 0:00:10]} 41. Ra7 {[%clk 0:00:05]} g3 {[%clk 0:00:09]} 42. Ra2
{[%clk 0:00:06]} Rg5 {[%clk 0:00:09]} 43. Rg2 {[%clk 0:00:07]} Ke7
{[%clk 0:00:10]} 44. Kf4 {[%clk 0:00:07]} Rg8 {[%clk 0:00:11]} 45. Kf3
{[%clk 0:00:08]} Kd6 {[%clk 0:00:12]} 0-1